000 00897nmm a2200277 a 4500
001 ocm0001520853
003 TR-IsHL
005 20201028163338.0
008 170206s2013 tu tur
007 cr cn
020 _a9786051315508
035 _a1520853
_b(N$T)
050 0 4 _aPL230
_b.K37 2013
090 0 4 _aPL230
_b.K37 2013
100 1 _aKaracan, Şebnem Güler
245 1 0 _aYusuf arka koltuğa oturuyor
_h[electronic resource] /
_cŞebnem Güler Karacan ; resimleyen Seval Cevizci
260 _aİstanbul :
_bNesil Çocuk,
_c2013
300 _a25 p.
650 4 _aDil ve Edebiyat
650 4 _aLanguage and Literature
650 0 _aÇocuk edebiyatı
650 0 _aChildren literature
650 7 _aJUVENILE FICTION / General
_2bisacsh
700 1 _aCevizci, Seval
856 4 0 _uhttp://search.ebscohost.com/login.aspx?direct=true&scope=site&db=e011xww&AN=1520853
999 _c15284
_d15284